000 00257nam a22001217a 4500
082 _a630.685 PRA
100 _aPratt A Edwin
245 _aOrganisation of Agriculture
250 _a3
260 _aJohn Murray & Sons
_c1908
300 _a443
942 _cBK
999 _c370447
_d370447